000 01600nam0a2200385 4500
001 RU\NLR\bibl\1422964
005 20250615215154.0
010 _a5-89647-110-6
021 _aRU
_b2009-63318
_93904
035 _a(nilc)RSL-KNO-004368423
035 _a(NLR Aleph) 001414901
090 _a1305831
_c1305831
100 _a20090724d2005 |||y0rusy50 ca
101 1 _arus
_ceng
102 _aRU
105 _ay zzzz|||||
200 1 _aИнтерпретация притчей
_fКрейг Бломберг
_g[пер. с англ. Л. Сумм]
210 _aМосква
_cБиблейсско-богословский ин-т св. апостола Андрея
_d2005
215 _a371 с.
_cил.
_d22
225 1 _aСовременная библеистика
300 _aЗагл. и авт. ориг.: Interpreting the parables / Craig L. Blomberg
320 _aБиблиогр. в подстроч. прим.
320 _aУказ. ссылок на библейские тексты: с. 353-359
320 _aИмен. указ.: с. 360-371
454 0 _12001#$aInterpreting the parables
_1700#1$aBlomberg$bC. L.$gCraig L$4070
_tInterpreting the parables
_aBlomberg, Craig L
606 1 _aПритчи евангельские
_xТолкование
_92574651
_3RU\NLR\auth\661522361
686 _aЭ37-228.12,0
_2rubbk
686 _aЭ37-220.911
700 1 _aБломберг
_bК.
_gКрейг
_4070
801 0 _aRU
_bРКП
_c20090724
_grcr
801 1 _aRU
_bРГБ
_c20090724
801 2 _aRU
_bNLR
_c20091013
_grcr
942 _cBOOK
980 _aNB